[Event "Birzai-ch"]
[Site "Birzai"]
[Date "2011.12.05"]
[Round "9"]
[White "Variakojis, Laimutis"]
[Black "Kevisas, Erikas"]
[Result "1-0"]
[WhiteElo "2173"]
[BlackElo "1972"]
[PlyCount "71"]
[EventDate "2011.11.07"]
[EventType "swiss"]
[EventRounds "9"]
[EventCountry "LTU"]
[SourceTitle "EXT 2013"]
[Source "ChessBase"]
[SourceDate "2012.11.22"]
[SourceVersion "1"]
[SourceVersionDate "2012.11.22"]
[SourceQuality "1"]

1. e4 e5 2. Nf3 Nc6 3. Bc4 Bc5 4. 0-0 Nf6 5. d3 0-0 6. c3 Bb6 7. Bg5 Re8 8. b4 d6 9. a4 a6 10. Bb3 Be6 11. Bc2 d5 12. Nbd2 Qe7 13. d4 dxe4 14. dxe5 exf3 15. Nxf3 Nxe5 16. Nxe5 Bd5 17. Ng4 Kh8 18. Bxf6 Qe6 19. Bd4 Bxd4 20. Qxd4 c6 21. Ne3 Rad8 22. Qh4 h6 23. h3 Qe5 24. Nxd5 Rxd5 25. Rfe1 Qb8 26. Rxe8+ Qxe8 27. Qe4 Qg8 28. Re1 Rd8 29. Qe5 f6 30. Qe7 Rd2 31. Bg6 Rd8 32. a5 Rf8 33. Qxf8 Qxf8 34. Re8 Kg8 35. Rxf8+ Kxf8 36. Bf5 1-0